[Event "XVII Open Nicolo' La Rosa"]
[Site "Mazara del Vallo ITA"]
[Date "2009.08.09"]
[Round "5"]
[White "Piazza, Francesco"]
[Black "Spadaro, Carmelo Alessandro"]
[Result "0-1"]
[WhiteElo "1374"]
[BlackElo "1479"]
[PlyCount "84"]
[EventDate "2009.08.07"]

1. e4 c5 2. Nc3 Nc6 3. f4 e6 4. Bb5 a6 5. Bxc6 dxc6 6. b3 Nf6 7. Ba3 Be7 8. g3
b5 9. Bb2 b4 10. Na4 O-O 11. Bxf6 Bxf6 12. e5 Be7 13. Qf3 Bb7 14. O-O-O c4 15.
Ne2 cxb3 16. axb3 Qc7 17. Qe3 c5 18. Rhf1 Rab8 19. Kb1 Rfc8 20. Ng1 Bd5 21. Rc1
Qa5 22. f5 exf5 23. Rxf5 Be6 24. Rf4 Bg5 25. Qe4 Bxf4 26. gxf4 c4 27. f5 Bd5
28. Qg4 cxb3 29. f6 bxc2+ 30. Rxc2 Ba2+ 31. Ka1 Qxe5+ 32. Kxa2 Rxc2+ 33. Kb1
Rc1+ 34. Kxc1 Qa1+ 35. Kc2 Qxa4+ 36. Kd3 Qb5+ 37. Ke3 Qe5+ 38. Kf2 Qxf6+ 39.
Ke2 b3 40. Qg3 Re8+ 41. Kd1 Qf1+ 42. Qe1 Rxe1# 0-1

[Event "XVII Open Nicolo' La Rosa"]
[Site "Mazara del Vallo ITA"]
[Date "2009.08.09"]
[Round "5"]
[White "Provino, Salvatore"]
[Black "Marino, Davide"]
[Result "0-1"]
[WhiteElo "1413"]
[BlackElo "1550"]
[PlyCount "92"]
[EventDate "2009.08.07"]

1. Nf3 Nf6 2. g3 d5 3. Bg2 Nc6 4. O-O e5 5. d3 Bf5 6. Bg5 h6 7. Bxf6 Qxf6 8.
Re1 Rd8 9. Nh4 Be6 10. Nd2 Bb4 11. c3 Bc5 12. e3 Ne7 13. c4 Bc8 14. Re2 c6 15.
Qc2 Bb6 16. c5 Bc7 17. Rae1 O-O 18. d4 e4 19. f3 exf3 20. Nhxf3 Bg4 21. Rf2 Qg6
22. e4 Rfe8 23. Nh4 Qh7 24. Ref1 f6 25. h3 Bc8 26. Qd1 Bxg3 27. Rf3 Bxh4 28. e5
Nf5 29. Rf4 Bg5 30. R4f2 Ne3 31. Qe2 Nxf1 32. Rxf1 Bxd2 33. Qxd2 Qg6 34. Qc3
Be6 35. Kh2 Rf8 36. Rg1 Qe8 37. Qg3 Qe7 38. Bf1 fxe5 39. Bd3 e4 40. Be2 Qg5 41.
Qc7 Qf4+ 42. Qxf4 Rxf4 43. Bf1 Rdf8 44. Bg2 Rf2 45. Kh1 Rxb2 46. a3 Rff2 0-1

[Event "XVII Open Nicolo' La Rosa"]
[Site "Mazara del Vallo ITA"]
[Date "2009.08.09"]
[Round "6"]
[White "Bifulco, Michel"]
[Black "Bertino, Giacomo"]
[Result "1/2-1/2"]
[WhiteElo "2015"]
[BlackElo "2017"]
[PlyCount "65"]
[EventDate "2009.08.07"]

1. d4 Nf6 2. c4 e6 3. Nf3 c5 4. e3 d5 5. cxd5 exd5 6. Be2 Nc6 7. O-O cxd4 8.
Nxd4 Bd6 9. Nc3 O-O 10. Ncb5 Bb8 11. Qc2 Nxd4 12. Nxd4 Ng4 13. Bxg4 Bxg4 14. f4
Qb6 15. Qb3 Qxb3 16. Nxb3 Bd6 17. Bd2 Rfe8 18. Rfe1 Bd7 19. Kf2 Rac8 20. Rac1
Rxc1 21. Rxc1 Rc8 22. Rxc8+ Bxc8 23. Nd4 Kf8 24. b4 Bd7 25. a3 a5 26. g3 g6 27.
Bc3 Ke7 28. Ke1 axb4 29. axb4 Ba4 30. Kf2 Bd7 31. Ke1 Ba4 32. Kf2 Bd7 33. Ke1
1/2-1/2

[Event "XVII Open Nicolo' La Rosa"]
[Site "Mazara del Vallo ITA"]
[Date "2009.08.09"]
[Round "6"]
[White "Bocci, Alessandro"]
[Black "Bonomo, Renan"]
[Result "1-0"]
[WhiteElo "1919"]
[BlackElo "1620"]
[PlyCount "73"]
[EventDate "2009.08.07"]

1. d4 d5 2. c4 e6 3. Nc3 c6 4. e3 Nf6 5. Nf3 Nbd7 6. Bd3 g6 7. O-O Bg7 8. e4
dxc4 9. Bxc4 b5 10. Bd3 O-O 11. e5 Ne8 12. Be4 Qb6 13. Be3 Bb7 14. Rc1 Rc8 15.
a3 Qd8 16. Qe2 a6 17. h4 Nc7 18. h5 Nd5 19. hxg6 Nxe3 20. gxh7+ Kh8 21. Qxe3 f5
22. Bb1 Kxh7 23. Ng5+ Kg8 24. Nxe6 Qh4 25. Nxf8 f4 26. Ng6 fxe3 27. Nxh4 exf2+
28. Rxf2 Bh6 29. Re1 Bg5 30. Nf5 Ba8 31. Ne4 Bd8 32. Ned6 Rb8 33. e6 Nf6 34. e7
Bc7 35. e8=Q+ Nxe8 36. Rxe8+ Rxe8 37. Nxe8 1-0

[Event "XVII Open Nicolo' La Rosa"]
[Site "Mazara del Vallo ITA"]
[Date "2009.08.09"]
[Round "6"]
[White "Campo, Renato"]
[Black "Messina, Damiano"]
[Result "0-1"]
[WhiteElo "2018"]
[BlackElo "1991"]
[PlyCount "90"]
[EventDate "2009.08.07"]

1. e4 c5 2. c3 e6 3. d4 d5 4. e5 Nc6 5. Nf3 Qb6 6. Bd3 Bd7 7. dxc5 Bxc5 8. O-O
a5 9. Nbd2 a4 10. b4 axb3 11. Nxb3 Ba3 12. Be3 Qc7 13. c4 Nge7 14. cxd5 Nxd5
15. Bc5 Nxe5 16. Nxe5 Qxe5 17. Bd4 Qg5 18. Nd2 O-O 19. Nf3 Qh5 20. Qb3 Bc6 21.
Ne5 Bd6 22. Qb2 f6 23. Be2 Qh6 24. Ng4 Qg6 25. f3 e5 26. Bf2 Nf4 27. Bc4+ Kh8
28. Bg3 Bc5+ 29. Kh1 Bd4 30. Qb3 Bxa1 31. Rxa1 h5 32. Ne3 Qg5 33. Bxf4 exf4 34.
Nd5 Rfd8 35. Ne7 Rd2 36. Rg1 Raxa2 37. Bd3 Bd5 38. Qb5 Bf7 39. Qd7 g6 40. Qc8+
Kg7 41. Bf1 Rd1 42. Qh3 Qc5 43. Nc8 Raa1 44. g4 Bc4 45. gxh5 Qxg1+ 0-1

[Event "XVII Open Nicolo' La Rosa"]
[Site "Mazara del Vallo ITA"]
[Date "2009.08.09"]
[Round "6"]
[White "Cassia, Giuseppe"]
[Black "Piazza, Dario"]
[Result "1-0"]
[WhiteElo "1532"]
[BlackElo "1533"]
[PlyCount "105"]
[EventDate "2009.08.07"]

1. c4 e5 2. Nc3 Nf6 3. g3 Bc5 4. Bg2 Nc6 5. e3 O-O 6. Nge2 d6 7. d4 exd4 8.
exd4 Bb4 9. O-O Bf5 10. Be3 Qd7 11. a3 Bxc3 12. Nxc3 Bh3 13. d5 Bxg2 14. Kxg2
Ne5 15. b3 c6 16. Bg5 Nfg4 17. h3 f6 18. Bf4 g5 19. Bxe5 Nxe5 20. f4 gxf4 21.
Rxf4 cxd5 22. Qxd5+ Rf7 23. Rxf6 Qc6 24. Qxc6 bxc6 25. Rxd6 Raf8 26. Ne4 Rf3
27. Re6 Ng6 28. b4 Rb3 29. Ra2 Kh8 30. Rf2 Rxf2+ 31. Nxf2 Rxa3 32. Rxc6 Ra2 33.
b5 Ne5 34. Rc5 Rxf2+ 35. Kxf2 Nd3+ 36. Ke3 Nxc5 37. Kd4 Nd7 38. c5 Kg7 39. c6
Nb6 40. Kc5 Nc8 41. c7 Kf7 42. Kc6 Ke7 43. g4 Nd6 44. h4 Nxb5 45. c8=Q Nd4+ 46.
Kd5 Nf3 47. Qe6+ Kf8 48. Qf6+ Kg8 49. Qxf3 a5 50. Ke6 a4 51. Kf6 h6 52. Kg6 a3
53. Qa8# 1-0

[Event "XVII Open Nicolo' La Rosa"]
[Site "Mazara del Vallo ITA"]
[Date "2009.08.09"]
[Round "6"]
[White "Castelli, Giovanni J."]
[Black "Cunati, Valerio"]
[Result "1-0"]
[WhiteElo "1623"]
[BlackElo "1700"]
[PlyCount "105"]
[EventDate "2009.08.07"]

1. e4 c5 2. Nf3 d6 3. d4 cxd4 4. Nxd4 Nf6 5. Nc3 a6 6. Be3 g6 7. f3 Bg7 8. Qd2
Nc6 9. g4 Nxd4 10. Bxd4 O-O 11. O-O-O Be6 12. h4 h6 13. g5 hxg5 14. Bxf6 Bxf6
15. hxg5 Bg7 16. Qh2 f5 17. gxf6 Rxf6 18. e5 Rxf3 19. Qh7+ Kf7 20. Ne4 Rf5 21.
Bh3 Rc8 22. Rhg1 Rxc2+ 23. Kxc2 Qc8+ 24. Kb1 Bxa2+ 25. Ka1 Qc2 26. Qxg6+ Kf8
27. Qxg7+ Ke8 28. Bxf5 Qa4 29. Bg6+ Bf7+ 30. Kb1 Qa2+ 31. Kc1 Qa1+ 32. Kd2
Qxb2+ 33. Ke3 Qb6+ 34. Kf3 Qb3+ 35. Kg4 Qe6+ 36. Bf5 Qa2 37. Rd2 Qc4 38. Qh8+
Bg8 39. Kh4 Kd8 40. Qxg8+ Qxg8 41. Rxg8+ Kc7 42. Nxd6 exd6 43. Rc8+ Kb6 44.
Rxd6+ Ka5 45. Rc1 Kb4 46. Rd4+ Kb5 47. Rb1+ Kc6 48. Bd7+ Kc7 49. Rdb4 Kxd7 50.
Rxb7+ Ke6 51. R7b6+ Kd5 52. Rxa6 Kxe5 53. Rb5+ 1-0

[Event "XVII Open Nicolo' La Rosa"]
[Site "Mazara del Vallo ITA"]
[Date "2009.08.09"]
[Round "6"]
[White "Cerami, Giuseppe"]
[Black "Piazza, Francesco"]
[Result "0-1"]
[WhiteElo "1688"]
[BlackElo "1374"]
[PlyCount "73"]
[EventDate "2009.08.07"]

1. b3 e5 2. Bb2 Nc6 3. e3 Nf6 4. c4 Bc5 5. Ne2 d5 6. Ng3 O-O 7. Be2 d4 8. exd4
Nxd4 9. O-O Re8 10. Nc3 Nxe2+ 11. Ncxe2 Bg4 12. Kh1 Bd4 13. Bxd4 Bxe2 14. Nxe2
exd4 15. f3 Rb8 16. Qb1 Rxe2 17. Qd3 Re8 18. c5 Qd5 19. Rac1 Rbd8 20. Rc4 Qe5
21. Qc2 Qe1 22. Kg1 Qe5 23. Qd1 d3 24. f4 Qe6 25. f5 Qe5 26. b4 Rd4 27. Rc3
Rxb4 28. Rxd3 Qxc5+ 29. Kh1 Qe5 30. Rdf3 Re4 31. Qb1 Rd4 32. Qc2 c5 33. a4 Ng4
34. g3 Qe2 35. R3f2 Nxf2+ 36. Rxf2 Qe1+ 37. Kg2 0-1

[Event "XVII Open Nicolo' La Rosa"]
[Site "Mazara del Vallo ITA"]
[Date "2009.08.09"]
[Round "6"]
[White "Colicchia, Michele"]
[Black "Lo Bosco, Salvatore"]
[Result "1/2-1/2"]
[WhiteElo "1427"]
[BlackElo "1696"]
[PlyCount "90"]
[EventDate "2009.08.07"]

1. e4 c5 2. Nf3 d6 3. Nc3 Nc6 4. d4 cxd4 5. Nxd4 a6 6. Bc4 e6 7. Nf3 Nf6 8. Bg5
Be7 9. O-O O-O 10. Re1 b5 11. e5 dxe5 12. Qxd8 Rxd8 13. Bd3 Bb7 14. Nxe5 Nxe5
15. Rxe5 Rd7 16. Re2 Rad8 17. Rae1 h6 18. Bh4 Rd4 19. Be4 Bxe4 20. Nxe4 Rd1 21.
Nxf6+ Bxf6 22. Bxf6 gxf6 23. a3 Rxe1+ 24. Rxe1 Rd2 25. Rc1 Kg7 26. Kf1 Kg6 27.
Ke1 Rd4 28. b3 Rd5 29. Rd1 Kf5 30. Rxd5+ exd5 31. Ke2 Ke4 32. f3+ Kd4 33. Kd2
f5 34. g3 h5 35. c3+ Ke5 36. Ke3 f6 37. h4 Ke6 38. f4 Ke7 39. Kd4 Kd6 40. c4
bxc4 41. bxc4 dxc4 42. Kxc4 Kc6 43. a4 a5 44. Kd4 Kd6 45. Kc4 Kc6 1/2-1/2

[Event "XVII Open Nicolo' La Rosa"]
[Site "Mazara del Vallo ITA"]
[Date "2009.08.09"]
[Round "6"]
[White "D'Amico, Filippo"]
[Black "Provino, Salvatore"]
[Result "1-0"]
[WhiteElo "1416"]
[BlackElo "1413"]
[PlyCount "96"]
[EventDate "2009.08.07"]

1. c4 Nf6 2. Nc3 g6 3. g3 Bg7 4. Bg2 O-O 5. Nf3 d6 6. O-O e5 7. d3 Be6 8. Ng5
Bc8 9. Nge4 Nc6 10. Bg5 h6 11. Nxf6+ Bxf6 12. Bxh6 Re8 13. Bd2 Be6 14. Rb1 Kg7
15. Ne4 Be7 16. Bc3 Rh8 17. f4 Bh4 18. fxe5 dxe5 19. Rf4 Be7 20. b4 f5 21. Nc5
Kf7 22. Nxe6 Kxe6 23. Bd5+ Kd6 24. c5+ Kd7 25. Bxc6+ bxc6 26. Bxe5 Bg5 27. Rf1
Kc8 28. Bxh8 Be3+ 29. Kg2 Qxh8 30. Qb3 Kd7 31. Qf7+ Kc8 32. Qe6+ Kb7 33. Qxe3
Qh7 34. b5 cxb5 35. Qf3+ c6 36. Rxb5+ Kc8 37. Qxc6+ Kd8 38. Qxa8+ Ke7 39. Qxa7+
Kf6 40. Qa6+ Kg5 41. Rxf5+ gxf5 42. Rb7 Qxh2+ 43. Kxh2 f4 44. c6 fxg3+ 45. Kg1
Kg4 46. c7 g2 47. c8=B+ Kg3 48. Qd6+ 48... Kh4 {...} 1-0

[Event "XVII Open Nicolo' La Rosa"]
[Site "Mazara del Vallo ITA"]
[Date "2009.08.09"]
[Round "6"]
[White "D'Angelo, Giovanni"]
[Black "Di Misa, Serafino"]
[Result "0-1"]
[WhiteElo "1647"]
[BlackElo "1617"]
[PlyCount "89"]
[EventDate "2009.08.07"]

1. e4 c5 2. c3 d5 3. exd5 Qxd5 4. d4 Nc6 5. Nf3 Bg4 6. Be2 cxd4 7. cxd4 e6 8.
O-O Nf6 9. Bf4 Be7 10. Nc3 Qh5 11. Re1 O-O 12. Qd2 Bb4 13. Qd3 Nd5 14. Bg3 Qh6
15. a3 Bf5 16. Qc4 Na5 17. Qb5 a6 18. Qa4 b5 19. Qd1 Nxc3 20. bxc3 Bxc3 21. a4
Bxa1 22. Qxa1 Nc4 23. Qd1 Bg4 24. Qb3 Bxf3 25. Qxf3 Rad8 26. axb5 axb5 27. Qc6
Qd2 28. Kf1 Qb4 29. Rd1 Nd2+ 30. Kg1 Rxd4 31. Be5 Nf3+ 32. gxf3 Rxd1+ 33. Bxd1
Qe1+ 34. Kg2 Qxe5 35. Bc2 Qg5+ 36. Kf1 Qd5 37. Qc3 Qc4+ 38. Qxc4 bxc4 39. Ke2
Rd8 40. Ke3 c3 41. f4 g6 42. Bd3 Kg7 43. f3 Kf6 44. Ke4 Rxd3 45. Kxd3 0-1

[Event "XVII Open Nicolo' La Rosa"]
[Site "Mazara del Vallo ITA"]
[Date "2009.08.09"]
[Round "6"]
[White "Di Misa, Salvatore"]
[Black "Cleal, John"]
[Result "1-0"]
[WhiteElo "1851"]
[BlackElo "1958"]
[PlyCount "54"]
[EventDate "2009.08.07"]

1. e4 c5 2. Nf3 Nc6 3. d4 cxd4 4. Nxd4 e5 5. Nb5 d6 6. N1c3 a6 7. Na3 b5 8. Nd5
Nf6 9. Bg5 Be7 10. Bxf6 Bxf6 11. c3 Be6 12. Nxf6+ gxf6 13. Nc2 f5 14. exf5 Bxf5
15. Ne3 Be6 16. a4 b4 17. Qf3 d5 18. Rd1 e4 19. Qh5 bxc3 20. Bc4 c2 21. Nxc2
Qa5+ 22. b4 Nxb4 23. O-O Nxc2 24. Rxd5 Qc3 25. Rc5 Bxc4 26. Re5+ Kd7 27. Rd1+
27... Nd4 {...} 1-0

[Event "XVII Open Nicolo' La Rosa"]
[Site "Mazara del Vallo ITA"]
[Date "2009.08.09"]
[Round "6"]
[White "Fiorella, Loreto"]
[Black "Melograni, Francesco"]
[Result "0-1"]
[WhiteElo "1583"]
[BlackElo "1824"]
[PlyCount "60"]
[EventDate "2009.08.07"]

1. f4 d6 2. Nf3 Nc6 3. e3 e5 4. fxe5 dxe5 5. Bb5 Bd7 6. O-O Bd6 7. Nc3 Nf6 8.
a3 O-O 9. b4 e4 10. Nxe4 Nxe4 11. Bd3 f5 12. Bc4+ Kh8 13. d3 Ng5 14. Bb2 Nxf3+
15. Qxf3 Qh4 16. g3 Qh3 17. Bd5 Ne5 18. Bxe5 Bxe5 19. d4 c6 20. Bc4 Bd6 21. Rf2
Rae8 22. Bf1 Qh6 23. Re1 f4 24. gxf4 Rxf4 25. exf4 Rxe1 26. f5 Qg5+ 27. Kh1 Re3
28. f6 Rxf3 29. Rxf3 Bf5 30. Bg2 gxf6 0-1

[Event "XVII Open Nicolo' La Rosa"]
[Site "Mazara del Vallo ITA"]
[Date "2009.08.09"]
[Round "6"]
[White "Lo Piccolo, Antonino"]
[Black "Montalbano, Federico"]
[Result "0-1"]
[WhiteElo "1719"]
[BlackElo "1509"]
[PlyCount "134"]
[EventDate "2009.08.07"]

1. e4 e6 2. d3 d5 3. Nd2 c5 4. Ngf3 Nc6 5. g3 Bd6 6. Bg2 Nge7 7. O-O f6 8. c3
O-O 9. Re1 Bd7 10. Nf1 Be8 11. h4 Bf7 12. N1h2 Qb6 13. Qe2 Rfe8 14. Ng4 dxe4
15. dxe4 Rad8 16. Ne3 a6 17. Nc4 Qc7 18. Nxd6 Rxd6 19. Be3 Nb8 20. e5 Rdd8 21.
exf6 gxf6 22. Qc4 Nd7 23. Rad1 Kh8 24. Bf4 Qc8 25. a4 Nb6 26. Qb3 Nbd5 27. Bc1
c4 28. Qc2 Bg6 29. Qe2 Nf5 30. Nd4 Nxd4 31. Rxd4 Bd3 32. Qf3 Qd7 33. Bh3 f5 34.
Bg5 Rc8 35. Bf6+ Kg8 36. Qh5 Nxf6 37. Rxd7 Nxh5 38. Rxb7 Be4 39. Rb6 Rb8 40.
Rxa6 Rxb2 41. g4 Nf4 42. Bf1 Nd3 43. Re2 Rxe2 44. Bxe2 Kf7 45. a5 Ra8 46. Rxa8
Bxa8 47. gxf5 exf5 48. Kh2 f4 49. f3 Ke6 50. Kh3 h5 51. Kg2 Kd5 52. Bd1 Kc5 53.
Ba4 Ne1+ 54. Kf2 Nxf3 55. a6 Nxh4 56. a7 Kb6 57. Be8 Kxa7 58. Bxh5 Kb6 59. Bf7
Kc5 60. Ke2 Bd5 61. Be8 Kb6 62. Bd7 Ng6 63. Bh3 f3+ 64. Kf2 Kc5 65. Bd7 Kd6 66.
Bb5 Kc5 67. Bd7 Nf4 0-1

[Event "XVII Open Nicolo' La Rosa"]
[Site "Mazara del Vallo ITA"]
[Date "2009.08.09"]
[Round "6"]
[White "Oddo, Salvatore"]
[Black "Mancuso, Fabrizio"]
[Result "1/2-1/2"]
[WhiteElo "1496"]
[BlackElo "1314"]
[PlyCount "78"]
[EventDate "2009.08.07"]

1. Nf3 Nc6 2. g3 d6 3. Bg2 Bg4 4. d3 Nf6 5. O-O e5 6. Nbd2 Be7 7. e4 O-O 8. c3
d5 9. Qc2 d4 10. a4 a5 11. Nc4 Bd6 12. Nxd6 Qxd6 13. Nd2 Qd7 14. Re1 Bh3 15.
Bh1 Rfe8 16. Nb3 h6 17. Bd2 Bg4 18. f3 Be6 19. Nc5 Qc8 20. Nxe6 Qxe6 21. c4 Kh8
22. Re2 Qd7 23. b3 Kg8 24. Rae1 Qc8 25. Rg2 Qe6 26. Qd1 b6 27. f4 Qg4 28. Qxg4
Nxg4 29. h3 Nf6 30. f5 Kh7 31. g4 g6 32. g5 Ng8 33. Rf1 Rf8 34. Rgf2 Rae8 35.
h4 h5 36. Bf3 Nce7 37. fxg6+ fxg6 38. Be2 Rxf2 39. Rxf2 Kg7 1/2-1/2

[Event "XVII Open Nicolo' La Rosa"]
[Site "Mazara del Vallo ITA"]
[Date "2009.08.09"]
[Round "6"]
[White "Savalla, Pietro"]
[Black "Meo, Antonino"]
[Result "1/2-1/2"]
[WhiteElo "1488"]
[BlackElo "1515"]
[PlyCount "83"]
[EventDate "2009.08.07"]

1. e4 e5 2. Nf3 Nc6 3. Bc4 Nd4 4. Nxd4 exd4 5. d3 Nf6 6. Bg5 Bb4+ 7. c3 dxc3 8.
Nxc3 O-O 9. e5 Re8 10. d4 d5 11. Bb3 h6 12. Bh4 Be7 13. O-O Nh7 14. Bxe7 Qxe7
15. Nxd5 Qd8 16. Qf3 Ng5 17. Qg3 Be6 18. Nf6+ gxf6 19. f4 Qxd4+ 20. Kh1 Bxb3
21. axb3 Qxb2 22. exf6 Qxf6 23. fxg5 Qxg5 24. Qxc7 Re2 25. Qxf7+ Kh8 26. Qxb7
Rg8 27. Rg1 Qe5 28. Qxa7 Rexg2 29. Rxg2 Rxg2 30. Kxg2 Qe2+ 31. Qf2 Qg4+ 32. Kh1
Qe4+ 33. Qg2 Qe8 34. Ra8 Qxa8 35. Qxa8+ Kg7 36. Qf3 Kh7 37. Qc6 Kh8 38. Qc7 h5
39. b4 h4 40. b5 h3 41. b6 Kg8 42. b7 1/2-1/2

[Event "XVII Open Nicolo' La Rosa"]
[Site "Mazara del Vallo ITA"]
[Date "2009.08.09"]
[Round "6"]
[White "Savalla, Salvatore"]
[Black "Berendino, Giacomo"]
[Result "0-1"]
[WhiteElo "1724"]
[BlackElo "1455"]
[PlyCount "68"]
[EventDate "2009.08.07"]

1. e4 Nf6 2. Nc3 Nc6 3. Nf3 e5 4. Bb5 Bc5 5. O-O d6 6. h3 Bd7 7. d3 a6 8. Bxc6
Bxc6 9. Bg5 Qd7 10. Re1 h6 11. Be3 Bxe3 12. Rxe3 O-O-O 13. d4 Qe7 14. d5 Bd7
15. a4 g5 16. Nh2 h5 17. f3 Rdg8 18. g4 hxg4 19. fxg4 Rh4 20. Kg2 Rgh8 21. Qf3
Nxg4 22. Nxg4 Bxg4 23. hxg4 Rh2+ 24. Kg1 Qf8 25. Rf1 Qh6 26. b3 Rxc2 27. Re2
Rxe2 28. Qxe2 Qh1+ 29. Kf2 Rh2+ 30. Kg3 Rh3+ 31. Kf2 Qh2+ 32. Ke1 Qg3+ 33. Qf2
Qxc3+ 34. Qd2 Re3+ 0-1

[Event "XVII Open Nicolo' La Rosa"]
[Site "Mazara del Vallo ITA"]
[Date "2009.08.09"]
[Round "6"]
[White "Spadaro, Carmelo Alessandro"]
[Black "Marino, Davide"]
[Result "1/2-1/2"]
[WhiteElo "1479"]
[BlackElo "1550"]
[PlyCount "24"]
[EventDate "2009.08.07"]

1. d4 d5 2. c4 e6 3. Nc3 Nf6 4. Bg5 Be7 5. Nf3 h6 6. Bh4 O-O 7. e3 Nc6 8. a3
Bd7 9. Nd2 Bc8 10. Nf3 Bd7 11. Nd2 Bc8 12. Nf3 Bd7 1/2-1/2

[Event "XVII Open Nicolo' La Rosa"]
[Site "Mazara del Vallo ITA"]
[Date "2009.08.09"]
[Round "6"]
[White "Vincenzi, Marco"]
[Black "Morello, Guido"]
[Result "1-0"]
[WhiteElo "2080"]
[BlackElo "1952"]
[PlyCount "111"]
[EventDate "2009.08.07"]

1. e4 c5 2. Nf3 Nc6 3. d4 cxd4 4. Nxd4 e5 5. Nb5 d6 6. N5c3 a6 7. Nd5 Nge7 8.
Nbc3 Nxd5 9. Nxd5 Ne7 10. Bc4 Nxd5 11. Bxd5 Be7 12. O-O O-O 13. Qh5 g6 14. Qh6
Kh8 15. f4 f5 16. Be3 Bf6 17. Rad1 Bg7 18. Qg5 Bf6 19. Qh6 Bg7 20. Qg5 Bf6 21.
Qg3 Qe7 22. Kh1 Be6 23. fxe5 Bxe5 24. Bf4 Bxd5 25. exd5 Rfe8 26. Bxe5+ Qxe5 27.
Rfe1 Qxg3 28. hxg3 Kg7 29. Re6 Rxe6 30. dxe6 Rd8 31. e7 Re8 32. Rxd6 Rxe7 33.
Kg1 Kf7 34. Rb6 Rd7 35. Kf1 Ke7 36. Ke2 Kd8 37. Ke3 Kc7 38. Re6 Rd6 39. Re7+
Rd7 40. Re6 Rd6 41. Re7+ Rd7 42. Rxd7+ Kxd7 43. Kf4 Ke6 44. Kg5 Ke5 45. Kh6 f4
46. gxf4+ Kxf4 47. Kxh7 Kg3 48. Kxg6 Kxg2 49. Kf5 Kf3 50. Ke5 Ke3 51. Kd5 Kd2
52. c4 Kd3 53. Kc5 a5 54. Kb5 a4 55. c5 Kc2 56. Kxa4 1-0

[Event "III Festival Castelli Romani e Prenestini A"]
[Site "Frascati ITA"]
[Date "2009.08.14"]
[Round "1"]
[White "Albertini, Luca"]
[Black "Damia, Angelo"]
[Result "0-1"]
[WhiteElo "1950"]
[BlackElo "2291"]
[PlyCount "84"]
[EventDate "2009.08.14"]

1. d4 d6 2. c4 e5 3. e3 Nd7 4. Nc3 g6 5. Nf3 Bg7 6. b3 Ne7 7. Bb2 O-O 8. Qd2
exd4 9. Nxd4 Ne5 10. O-O-O Bd7 11. h4 h5 12. Be2 Re8 13. Rdg1 Nf5 14. Nxf5 Bxf5
15. e4 Bd7 16. f3 Kh7 17. g4 Bh6 18. g5 Bg7 19. f4 Nc6 20. Nd5 Rxe4 21. Bxg7
Kxg7 22. Nf6 Re6 23. Qb2 Rxf6 24. gxf6+ Qxf6 25. Bxh5 Nd4 26. Qd2 Nxb3+ 27.
axb3 Qa1+ 28. Kc2 Bf5+ 29. Qd3 Qa2+ 30. Kc3 Bxd3 31. Kxd3 Qxb3+ 32. Kd2 Qb4+
33. Kd3 Qa3+ 34. Kc2 Qa4+ 35. Kd3 Qb3+ 36. Kd2 Qxc4 37. Be2 Qb4+ 38. Kc2 Re8
39. Bd3 Re3 40. Rd1 Qa4+ 41. Kc3 Qc6+ 42. Kd2 Qf3 0-1

[Event "III Festival Castelli Romani e Prenestini A"]
[Site "Frascati ITA"]
[Date "2009.08.??"]
[Round "5"]
[White "Albertini, Luca"]
[Black "Passerotti, Pierluigi"]
[Result "1-0"]
[WhiteElo "1950"]
[BlackElo "2302"]
[PlyCount "78"]
[EventDate "2009.08.14"]

1. d4 d5 2. Nf3 Nf6 3. e3 Bf5 4. Bd3 Bxd3 5. Qxd3 c6 6. O-O e6 7. c3 Nbd7 8.
Nbd2 Qc7 9. e4 dxe4 10. Nxe4 Rd8 11. Nxf6+ Nxf6 12. Qe2 h6 13. Ne5 Bd6 14. f4
c5 15. Be3 Nd5 16. Rf3 Bxe5 17. dxe5 Nxe3 18. Rxe3 O-O 19. Qg4 Qe7 20. Rg3 g6
21. Rh3 Kh7 22. Rf1 c4 23. Qg5 Qxg5 24. fxg5 h5 25. g4 Rd5 26. gxh5 Rxe5 27.
Rg3 gxh5 28. g6+ Kh6 29. g7 Rg8 30. Rxf7 Rb5 31. Rg2 Kh7 32. Re7 Rb6 33. Kf1 a6
34. Ke1 Kh6 35. Kd1 Rd6+ 36. Ke2 b5 37. Ke3 Kh7 38. Ke4 Rd1 39. Ke5 Re1+ 1-0

[Event "Open A"]
[Site "Bratto - Castione della Presolana ITA"]
[Date "2009.08.21"]
[Round "1"]
[White "Cazzaniga, Walter"]
[Black "Godena, Michele"]
[Result "0-1"]
[WhiteElo "2145"]
[BlackElo "2540"]
[PlyCount "78"]
[EventDate "2009.08.21"]

1. d4 d5 2. c4 dxc4 3. e4 e5 4. Nf3 exd4 5. Qxd4 Qxd4 6. Nxd4 Nf6 7. f3 Bc5 8.
Nb5 Na6 9. Bxc4 c6 10. N5c3 Nb4 11. Na3 b5 12. Be2 Be6 13. Bg5 Nd7 14. f4 f6
15. Bh4 Be3 16. f5 Bf7 17. Bf2 Bxf2+ 18. Kxf2 Ne5 19. Rhd1 Ke7 20. b3 Rhd8 21.
Ke3 a5 22. Rab1 a4 23. Rxd8 Kxd8 24. bxa4 Nxa2 25. Nxa2 Rxa4 26. Nxb5 Bxa2 27.
Rd1+ Ke7 28. Nc3 Ra3 29. Rc1 Kd6 30. Kf4 Bf7 31. h4 h6 32. g4 g5+ 33. fxg6
Nxg6+ 34. Kf5 Ke7 35. h5 Ne5 36. Kf4 Be6 37. Rc2 Rb3 38. Rc1 Bxg4 39. Rg1 Bxe2
0-1

[Event "Open A"]
[Site "Bratto - Castione della Presolana ITA"]
[Date "2009.08.21"]
[Round "1"]
[White "De Florio, Federico"]
[Black "Horvath, Csaba"]
[Result "0-1"]
[WhiteElo "2130"]
[BlackElo "2522"]
[PlyCount "108"]
[EventDate "2009.08.21"]

1. d4 Nf6 2. Nf3 e6 3. e3 b6 4. Bd3 Bb7 5. Nbd2 c5 6. O-O cxd4 7. exd4 Be7 8.
Re1 O-O 9. c3 d6 10. Nf1 Nbd7 11. Ng3 Re8 12. Ng5 Qc7 13. N3e4 Nxe4 14. Bxe4
Bxe4 15. Nxe4 d5 16. Ng3 Bd6 17. Bd2 b5 18. a4 b4 19. cxb4 Qb6 20. Bc3 Bxb4 21.
Bxb4 Qxb4 22. Re3 Rab8 23. b3 Rec8 24. Ne2 Nf8 25. g3 Ng6 26. Rc1 Ne7 27. Rec3
h6 28. Rc7 a5 29. Rxc8+ Nxc8 30. Qc2 Nd6 31. Qc5 Ne4 32. Qxb4 Rxb4 33. Rc8+ Kh7
34. Ra8 Rxb3 35. Rxa5 Rb1+ 36. Kg2 Rb2 37. Nf4 Rxf2+ 38. Kg1 Rd2 39. Ra7 Rd1+
40. Kg2 Rd2+ 41. Kg1 Ng5 42. h4 Nf3+ 43. Kf1 g5 44. Nxe6 Kg6 45. Nf8+ Kf5 46.
Nd7 Nxd4 47. hxg5 hxg5 48. Nc5 f6 49. Rd7 Nf3 50. a5 Kg4 51. a6 Kxg3 52. Ne4+
dxe4 53. Rxd2 Nxd2+ 54. Ke2 Nc4 0-1

[Event "Open A"]
[Site "Bratto - Castione della Presolana ITA"]
[Date "2009.08.21"]
[Round "1"]
[White "Delorme, Axel"]
[Black "Radice, Luca"]
[Result "1/2-1/2"]
[WhiteElo "2434"]
[BlackElo "2070"]
[PlyCount "169"]
[EventDate "2009.08.21"]

1. e4 e6 2. d4 d5 3. Nc3 Bb4 4. e5 Qd7 5. a3 Bxc3+ 6. bxc3 b6 7. Qg4 f5 8. Qh5+
Qf7 9. Qf3 Ba6 10. Bxa6 Nxa6 11. c4 c6 12. Qd3 Qb7 13. Nf3 Nc7 14. a4 Qa6 15.
Nd2 Ne7 16. Ba3 Kf7 17. O-O Rhe8 18. Bd6 Qb7 19. Rfb1 Rad8 20. a5 Nc8 21. axb6
axb6 22. c5 Nb5 23. c4 dxc4 24. Nxc4 bxc5 25. dxc5 Ne7 26. Nb6 Nc8 27. Qf3 Nd4
28. Qh5+ Kg8 29. Nxc8 Qxc8 30. Ra4 g6 31. Qd1 Nb5 32. Qf3 Qb7 33. Rab4 Qa6 34.
h4 Rd7 35. Qg3 Ra8 36. Qg5 Qa7 37. Rxb5 cxb5 38. c6 Rf7 39. Rxb5 Rc8 40. Rc5
Qa4 41. c7 Qe8 42. Rc4 Rd7 43. Qg3 Qf7 44. Qc3 Kg7 45. Qa5 h6 46. Qb6 g5 47.
Qb7 Qe8 48. Qc6 Qf7 49. Kh2 Kg6 50. Qb7 Qe8 51. Rb4 Rg7 52. Rd4 Qd7 53. Qb6 Qe8
54. Qb7 Qd7 55. Rc4 Kh7 56. Qf3 Qe8 57. g3 Qb5 58. Rd4 Qd7 59. Rb4 Rxc7 60.
Bxc7 Qxc7 61. hxg5 hxg5 62. Qh5+ Kg8 63. Qe8+ Kh7 64. Rb8 Qf7 65. Qxf7 Rxf7 66.
Re8 g4 67. Rxe6 f4 68. gxf4 Rxf4 69. Rf6 Re4 70. Kg3 Rxe5 71. Kxg4 Kg7 72. Ra6
Rb5 73. f4 Kf7 74. Kf3 Rb4 75. Rc6 Ra4 76. Kg4 Ra5 77. Rb6 Rc5 78. Ra6 Rb5 79.
Kg3 Rb3+ 80. Kg4 Rb5 81. f5 Rb1 82. Ra7+ Kf6 83. Ra6+ Kf7 84. Ra4 Kf6 85. Ra6+
1/2-1/2

[Event "Open A"]
[Site "Bratto - Castione della Presolana ITA"]
[Date "2009.08.21"]
[Round "1"]
[White "Dervishi, Erald"]
[Black "Cugini, Verter"]
[Result "1-0"]
[WhiteElo "2545"]
[BlackElo "2149"]
[PlyCount "73"]
[EventDate "2009.08.21"]

1. e4 e6 2. d4 d5 3. Nd2 Nf6 4. e5 Ne4 5. Bd3 Nxd2 6. Bxd2 c5 7. dxc5 Nd7 8.
Nf3 Nxc5 9. Be2 Ne4 10. Be3 Bd7 11. O-O Be7 12. c3 O-O 13. Bd3 Qc7 14. Re1 Bc6
15. Qc2 h6 16. Bd4 Nc5 17. Bf1 b6 18. Re3 a6 19. g3 Bb5 20. Bg2 Rac8 21. Nd2 a5
22. f4 Rfe8 23. g4 Nd7 24. Rae1 Nf8 25. Nf3 Ng6 26. f5 Nh4 27. f6 Nxf3+ 28.
Rxf3 Bc5 29. Bxc5 Qxc5+ 30. Kh1 d4 31. fxg7 Bc6 32. Rf6 Bxg2+ 33. Kxg2 dxc3 34.
Rxh6 Qd5+ 35. Kg3 Kxg7 36. Rh7+ Kg8 37. Rxf7 1-0